|
|
|
|
| LEADER |
00000nam a2200000 i 4500 |
| 003 |
Ucuenca |
| 005 |
20230308230828.0 |
| 006 |
a||||gr|||| 001 0 |
| 007 |
ta |
| 008 |
191206t20192019mx gr 001 0 spa a |
| 999 |
|
|
|c 158412
|d 158412
|
| 040 |
|
|
|a UCuenca-cdrjbv
|b spa
|c UCuenca
|e rda
|
| 041 |
0 |
|
|a spa
|
| 082 |
0 |
|
|2 022
|a U861.6
|c 28950986
|
| 100 |
1 |
|
|a Arias de la Canal, Fredo.
|d 1925-2006
|e autor
|9 208998
|
| 245 |
1 |
3 |
|a Al filo del mundo:
|b poesía oral-traumática, cósmica y lírica de Guadalupe Trullen /
|c Fredo Arias de la Canal.
|
| 250 |
|
|
|a Primera Edición.
|
| 264 |
|
1 |
|a México:
|b Frente de Afirmación Hispanista, A.C.,
|c 2019.
|
| 264 |
|
4 |
|c © 2019
|
| 300 |
|
|
|a 52 páginas:
|c 21 cm
|
| 336 |
|
|
|2 rdacontent
|a texto
|b txt
|
| 337 |
|
|
|2 rdamedia
|a no mediado
|b n
|
| 338 |
|
|
|2 rdacarrier
|a volumen
|b nc
|
| 504 |
|
|
|a incl. ind.
|
| 505 |
1 |
|
|a Oral-traumáticos -- Cósmicos -- Líricos.
|
| 650 |
2 |
7 |
|2 UCuenca-cdrjbv
|a Poesía
|x uruguaya
|9 242222
|
| 650 |
1 |
7 |
|2 UCuenca-cdrjbv
|9 5188
|a Literatura uruguaya
|
| 942 |
|
|
|2 ddc
|c BK
|z erika.penafielv@ucuenca.edu.ec
|